V.I.Lê-nin toàn tập T.23 Tháng Ba -tháng Chín 1913

Đã lưu trong:
書目詳細資料
主要作者: Lênin, V.I.
格式: 圖書
語言:Vietnamese
出版: H. Tiến bộ Mát-xcơ-va 1980
主題:
標簽: 添加標簽
沒有標簽, 成為第一個標記此記錄!
Thư viện lưu trữ: Mạng thư viện Đại học Đà Nẵng
LEADER 01034nam a2200313 4500
001 000015218
003 11594
005 20120523100533.0
008 120523s1980 viesd
041 0 |a vie 
082 |a 335.402  |b LÊ-N 
100 0 |a Lênin, V.I. 
245 1 0 |a V.I.Lê-nin toàn tập  |c V.I. Lênin  |n T.23  |p Tháng Ba -tháng Chín 1913 
260 |a H.  |b Tiến bộ  |b Mát-xcơ-va  |c 1980 
300 |a 756 tr.  |c 19 cm 
653 |a Lê-Nin 
653 |a Toàn tập 
653 |a Tháng Ba -tháng Chín 1913 
773 |t V.I.Lê-nin toàn tập  |w 11577 
OWN |a LSP 
AVA |a UDN50  |b LSP  |d 335.402 LÊ-N  |e available  |t Error 5001 Not defined in file expand_doc_bib_avail.  |f 1  |g 0  |h N  |i 0  |k 1 
999 |a From the UDN01 
AVA |a UDN50  |b LSP  |d 335.402 LÊ-N  |e available  |t Error 5001 Not defined in file expand_doc_bib_avail.  |f 1  |g 0  |h N  |i 0  |k 1 
TYP |a Monograph 
TYP |a Printed language 
980 |a Mạng thư viện Đại học Đà Nẵng